Фотонаборные шрифты: каталог-справочник; Вып. 2

Podrobná bibliografie
Další autoři: Ефимов В. В. (составитель)
Shrnutí:Образцы набора, включенные во второй выпуск каталога-справочника "Фотонаборные шрифты", показывают шрифтовые возможности крупнокегельной фотонаборной машины Ф156К, которая предназначена для набора газетных, книжных и журнальных заголовков, текстовых плакатов, афиш, титров и т.п. Кегельный диапазон машины Ф156К - от 10 до 156 пунктов, формат набора выключенных строк - до 62 цицеро (15 ? квадратов), скорость фотографирования - до 10 знаков в секунду.
Jazyk:ruština
Vydáno: Москва, Книга, 1985
Témata:
Médium: MixedMaterials Kniha
KOHA link:https://koha.lib.tpu.ru/cgi-bin/koha/opac-detail.pl?biblionumber=352318

MARC

LEADER 00000nam0a2200000 4500
001 352318
005 20231102010504.0
035 |a (RuTPU)RU\TPU\retro\8801 
090 |a 352318 
100 |a 20191212d1985 km y0rusy5003 ca 
101 0 |a rus 
102 |a RU 
105 |a a bg 000zy 
200 1 |a Фотонаборные шрифты  |e каталог-справочник  |h Вып. 2  |f сост. В. В. Ефимов 
210 |a Москва  |c Книга  |d 1985 
215 |a 287 с.  |d 34 см  |c ил. 
330 |a Образцы набора, включенные во второй выпуск каталога-справочника "Фотонаборные шрифты", показывают шрифтовые возможности крупнокегельной фотонаборной машины Ф156К, которая предназначена для набора газетных, книжных и журнальных заголовков, текстовых плакатов, афиш, титров и т.п. Кегельный диапазон машины Ф156К - от 10 до 156 пунктов, формат набора выключенных строк - до 62 цицеро (15 ? квадратов), скорость фотографирования - до 10 знаков в секунду. 
606 1 |a Типографские шрифты  |2 stltpush  |3 (RuTPU)RU\TPU\subj\60613  |9 77852 
610 1 |a фотонаборные шрифты 
610 1 |a крупнокегельный набор 
610 1 |a каталоги 
610 1 |a справочники 
675 |a 655.2(035.5)  |z rus  |v 3 
702 1 |a Ефимов  |b В. В.  |4 220 
801 0 |a RU  |b RuMRKP  |c 19950704  |g psbo 
801 1 |a RU  |b 63413507  |c 20191212 
801 2 |a RU  |b 63413507  |c 20191212  |g RCR 
942 |c BK